000 00329nam a22001457a 4500
008 210303b ||||| |||| 00| 0 eng d
020 _a9780123859020
041 _aeng
080 _a616.8
082 _a616.8
100 _a7
101 _aNEU
245 _aInternational Review of Neurobiology
_cBorsini. F
942 _2udc
_cBK
999 _c55691
_d55691